| 000 | 00718nam a2200229Ia 4500 | ||
|---|---|---|---|
| 005 | 20260429112029.0 | ||
| 008 | 260429s9999||||xx |||||||||||||| ||und|| | ||
| 020 | _a9781032464879 | ||
| 041 | _aEnglish | ||
| 082 |
_a572.8 _bHAS |
||
| 100 | _aHasan Babu, Hafiz Md. | ||
| 245 | 0 |
_aMultiple valued computing in quantum molecular biology : _bsequential circuits, memory devices, programmable logic devices and nanoprocessors, Vol. 2 / _cHafiz Md. Hasan Babu |
|
| 250 | _a1st ed. | ||
| 260 |
_aBoca Raton : _bCRC Press, _c2024. |
||
| 300 | _axxix, 490 p.; hb | ||
| 440 | _vVol. 2 | ||
| 650 | _a Biochemical genetics | ||
| 650 | _a DNA | ||
| 650 | _a Molecular biology | ||
| 650 | _aBiochemistry | ||
| 942 | _cTB | ||
| 999 |
_c51984 _d51984 |
||